| 000 | 02437cam a22004694a 4500 | ||
|---|---|---|---|
| 001 | 16710348 | ||
| 003 | OSt | ||
| 005 | 20180117085940.0 | ||
| 008 | 110328s2011 dcub b 001 0 eng | ||
| 010 | _a 2011012027 | ||
| 016 | 7 |
_a015877551 _2Uk |
|
| 020 | _a9781421403847 | ||
| 020 | _a1421403846 | ||
| 035 | _a(OCoLC)ocn709890481 | ||
| 040 |
_aDLC _cDLC _dYDX _dYDXCP _dBWX _dUKMGB _dDLC |
||
| 042 | _apcc | ||
| 043 |
_aa-af--- _aa-pk--- |
||
| 050 | 0 | 0 |
_aDS383.5.A3 _bK53 2011 |
| 082 | 0 | 0 |
_a327.58105491 _222 |
| 100 | 1 |
_aKhan, Riaz M. _q(Riaz Mohammad), _d1945- |
|
| 245 | 1 | 0 |
_aAfghanistan and Pakistan : _bconflict, extremism, and resistance to modernity / _cRiaz Mohammad Khan. |
| 260 |
_aWashington, D.C. : _bWoodrow Wilson Center Press ; _aBaltimore, Md. : _bDistributed by Johns Hopkins University Press, _cc2011. |
||
| 300 |
_axii, 385 p. : _bmaps ; _c24 cm. |
||
| 504 | _aIncludes bibliographical references and index. | ||
| 505 | 0 | _aThe post-Soviet withdrawal phase of the Afghanistan conflict (1989-1995) -- The advent of the Taliban (1995-2001) -- Post-9/11 Afghanistan -- The external powers : interests and concerns -- The challenge of religious militancy and extremism in Pakistan -- Pakistan : a case of intellectual crisis and weak governance -- Conclusions. | |
| 610 | 2 | 0 | _aTaliban. |
| 650 | 0 |
_aIslam and politics _zPakistan. |
|
| 650 | 0 |
_aIslamic fundamentalism _zPakistan. |
|
| 650 | 0 |
_aIslamic fundamentalism _zAfghanistan. |
|
| 651 | 0 |
_aPakistan _xForeign relations _zAfghanistan. |
|
| 651 | 0 |
_aAfghanistan _xForeign relations _zPakistan. |
|
| 651 | 0 |
_aPakistan _xPolitics and government _y1988- |
|
| 651 | 0 |
_aAfghanistan _xHistory _y1989-2001. |
|
| 651 | 0 |
_aAfghanistan _xHistory _y2001- |
|
| 856 | 4 | 2 |
_3Contributor biographical information _uhttp://catdir.loc.gov/catdir/enhancements/fy1110/2011012027-b.html |
| 856 | 4 | 2 |
_3Publisher description _uhttp://catdir.loc.gov/catdir/enhancements/fy1110/2011012027-d.html |
| 906 |
_a7 _bcbc _corignew _d1 _eecip _f20 _gy-gencatlg |
||
| 942 |
_2ddc _cBK |
||
| 999 |
_c2399 _d2399 |
||